| Tag |
First Indicator |
Second Indicator |
Subfields |
| LEADER |
00000cam a2200000 i 4500 |
| 001 |
in00000477721 |
| 005 |
20151012173125.0 |
| 008 |
750407s1975 nyua b 00110beng |
| 010 |
|
|
|a 73016572
|
| 020 |
|
|
|a 0670286796 :
|c $25.00
|
| 035 |
|
|
|a (OCoLC)01323565
|
| 035 |
|
|
|9 ACA2327AM
|
| 040 |
|
|
|a DLC
|c DLC
|d TXA
|d UtOrBLW
|
| 049 |
|
|
|a TXAM
|c [1102209]
|
| 050 |
0 |
0 |
|a TR849.M87
|b H46
|
| 082 |
0 |
|
|a 770/.92/4
|a B
|
| 100 |
1 |
|
|a Hendricks, Gordon.
|
| 245 |
1 |
0 |
|a Eadweard Muybridge :
|b the father of the motion picture /
|c Gordon Hendricks.
|
| 264 |
|
1 |
|a New York :
|b Grossman Publishers,
|c 1975.
|
| 300 |
|
|
|a xvi, 271 pages :
|b illustrations ;
|c 28 cm.
|
| 336 |
|
|
|a text
|b txt
|2 rdacontent
|
| 337 |
|
|
|a unmediated
|b n
|2 rdamedia
|
| 338 |
|
|
|a volume
|b nc
|2 rdacarrier
|
| 500 |
|
|
|a Includes index.
|
| 504 |
|
|
|a Bibliography: pages 245-254.
|
| 600 |
1 |
0 |
|a Muybridge, Eadweard,
|d 1830-1904.
|
| 999 |
|
|
|a MARS
|
| 999 |
f |
f |
|s 9491bd2d-4aeb-3a2f-a859-7a34fea82735
|i f41410ff-6073-394c-ba8d-5e27db7f8f53
|t 0
|
| 952 |
f |
f |
|p ric
|a Texas A&M University
|b Rellis Campus
|c Joint Library Facility
|d Remote Storage
|t 0
|e TR849.M87 H46
|h Library of Congress classification
|i unmediated -- volume
|m A14805632710
|
| 998 |
f |
f |
|a TR849.M87 H46
|t 0
|l Remote Storage
|